1053 1591 1268 1892 1583 1298 1758 1417 1201 1291 1964 1181 1594 1675 1579 1268 1855 1358 1804 1933 1141 1244 1536 1755 1892 1935 1842 1447 1777 1360 1307 1989 1488 1283 1597 1677 1447 1638 1583 1721 1437 1330 1772 1716 1899 1904 1705 1366 1239 1483 1866 1574 1081 1295 1604 1138 1671 1320 1245 1991 1111 1349 1788 1008 1365 1863 1652 1544 1649 1397 1855 1293 1003 1968 1649 1393 1853 1577 1458 1667 1078 1054 1968 1463 1437 1868 1395 1817 1775 1648 1744 1184 1783 1237 1347 1064 1434 1155 1717 BCNSPRNW ULIB Ver.6.0+V

เปลี่ยนเป็นภาษาไทย

Change to English
 แสดงรายละเอียดบรรณานุกรม
  กลับหน้าหลัก

Brief Record : Get Marc (ISO 2709) : E-mail record : QR code < ปิดหน้าต่าง
LEADER : 00000nam 2200000uu 4500
001    13399124624
003     ULIB
008    151030s2556||||th 000 0 tha d
020    ^a9786162831843
050  4 ^aBQ946^bจ131
245 00 ^aจดหมายเหตุงานฉลองพระชันษา 100 ปี สมเด็จพระญาณสังวร สมเด็จพระสังฆราช สกลมหาสังฆปริณายก /^cสำนักหอจดหมายเหตุแห่งชาติ คณะกรรมการฝ่ายจัดทำจดหมายเหตุ
250    ^aพิมพ์ครั้งที่ 1.
260    ^aกรุงเทพฯ :^bอมรินทร์พริ้นติ้งแอนด์พับลอชชิ่ง ,^c2556.
300    ^a288 หน้า :^bภาพประกอบ ;^c30 ซม. +^eซีดี 1 แผ่น
500    ^aรัฐบาลในพระบาทสมเด็จพระปรมินทรมหาภูมิพลอดุลยเดช จัดพิมพ์ทูลเกล้าฯ ถวายสนองพระกรุณาธิคุณในงานฉลองพระชันษา 100 ปี สมเด็จพระญาณสังวร สมเด็จพระสังฆราช สกลมหาสังฆปรินายก 3 ตุลาคม พุทธศักราช 2556.
600 04 ^aญาณสังวร สมเด็จพระสังฆราช สกลมหาสังฆปริณายก,^cสมเด็จพระ,^d2456- ^xชีวประวัติ
600 04 ^aญาณสังวร สมเด็จพระสังฆราช สกลมหาสังฆปริณายก,^cสมเด็จพระ,^d2456-
650  4 ^aสมเด็จพระสังฆราช^xชีวประวัติ
710 2  ^aสำนักหอจดหมายเหตุแห่งชาติ. ^bคณะกรรมการฝ่ายจัดทำจดหมายเหตุ
945    ^p0^l0^i000157
999    ^aเกษร โพธิ์สุวรรณ
รายการนี้ยังไม่มีแท็ก
คุณยังไม่ได้ล็อกอิน คุณสามารถมีกิจกรรมร่วมกับเว็บไซต์ได้ แต่ต้องล็อกอินก่อน ::
  ล็อกอิน

รายการสื่อสารสนเทศ

ลำดับที่ ประเภท เลขเรียก/บาร์โค้ด สถานที่ สถานะ
1. การศึกษาทั่วไป
การศึกษาทั่วไป
BQ946 จ131 ฉ.1 
  Barcode: 000157
ห้องสมุดวิทยาเขตสวรรค์ประชารักษ์
►หนังสือทั่วไป
บนชั้น

BibComment


ยังไม่เคยถูกคอมเมนท์

คอมเมนท์ทรัพยากรรายการนี้
  คอมเมนท์: จดหมายเหตุงานฉลอ..


 Copyright 2026. Bcnsprnw @Library